Normal view
MARC view
Entry Personal Name
001 - CONTROL NUMBER
- control field: 87245
003 - CONTROL NUMBER IDENTIFIER
- control field: dpl
005 - DATE AND TIME OF LATEST TRANSACTION
- control field: 20260210161657.0
008 - FIXED-LENGTH DATA ELEMENTS
- fixed length control field: 260210|| aca||aabn | a|a d
040 ## - CATALOGING SOURCE
- Original cataloging agency: dpl
- Transcribing agency: dpl
100 ## - HEADING--PERSONAL NAME
- Personal name: GOvil, Prabodh Kumar
670 ## - SOURCE DATA FOUND
- Source citation: Work cat.: (dpl)214768: GOvil, Prabodh Kumar, Fouty Four Cages to Freedom/, 2025
